Statistics for First XI Traditional Top 3 - Eredivisie

Click here to take the quiz!

General Stats

  • This quiz has been taken 64 times
    (61 since last reset)
  • The average score is 235 of 759

Answer Stats

TeamNameNationality% Correct
PSV XI 14/15 | PSV XI 15/16 | PSV XI 16/17 | +2 othersLuuk de Jong
98%
PSV XI 03/04 | PSV XI 04/05John de Jong
95%
Ajax XI 04/05Nigel de Jong
95%
Ajax XI 10/11 | Ajax XI 11/12 | Ajax XI 12/13 | Ajax XI 13/14Siem de Jong
95%
Ajax XI 18/19 | Ajax XI 19/20 | Ajax XI 20/21 | +2 othersDušan Tadić
90%
Ajax XI 17/18 | Ajax XI 18/19 | Ajax XI 19/20 | Ajax XI 20/21Andre Onana
83%
Ajax XI 11/12 | Ajax XI 12/13 | Ajax XI 13/14 | +5 othersDaley Blind
80%
PSV XI 10/11Marcus Berg
80%
Ajax XI 18/19 | Ajax XI 20/21 | Ajax XI 21/22Noussair Mazraoui
80%
Feyenoord XI 03/04Peter van den Berg
80%
Ajax XI 22/23 | PSV XI 16/17 | PSV XI 17/18 | +2 othersSteven Bergwijn
80%
Ajax XI 20/21 | Ajax XI 22/23Antony
78%
PSV XI 20/21 | PSV XI 22/23Philipp Max
78%
Ajax XI 22/23Remko Pasveer
78%
Ajax XI 21/22Sébastien Haller
78%
Ajax XI 21/22 | Ajax XI 22/23 | Feyenoord XI 17/18 | +3 othersSteven Berghuis
78%
Ajax XI 18/19David Neres
76%
Ajax XI 17/18 | Ajax XI 18/19 | Ajax XI 19/20Hakim Ziyech
76%
Ajax XI 19/20 | Ajax XI 21/22Lisandro Martínez
76%
PSV XI 22/23Walter Benítez
76%
PSV XI 20/21 | PSV XI 22/23Cody Gakpo
73%
Ajax XI 20/21 | Ajax XI 21/22Edson Álvarez
73%
PSV XI 20/21 | PSV XI 21/22 | PSV XI 22/23Jordan Teze
73%
Ajax XI 17/18 | Ajax XI 18/19Matthijs de Ligt
73%
PSV XI 22/23Xavi Simons
73%
PSV XI 19/20 | PSV XI 22/23Érick Gutiérrez
71%
PSV XI 21/22Ibrahim Sangaré
71%
Feyenoord XI 17/18 | Feyenoord XI 18/19 | Feyenoord XI 20/21 | +2 othersJustin Bijlow
71%
Ajax XI 02/03 | Ajax XI 04/05 | Ajax XI 06/07 | +5 othersMaarten Stekelenburg
71%
Ajax XI 19/20 | Ajax XI 20/21Nicolás Tagliafico
71%
Feyenoord XI 03/04 | Feyenoord XI 18/19Robin van Persie
71%
Feyenoord XI 21/22 | Feyenoord XI 22/23Gernot Trauner
68%
Ajax XI 21/22 | Ajax XI 22/23Jurriën Timber
68%
Ajax XI 17/18 | Ajax XI 19/20Kasper Dolberg
68%
Feyenoord XI 19/20 | Feyenoord XI 20/21 | Feyenoord XI 21/22Orkun Kökçü
68%
Feyenoord XI 22/23Quinten Timber
68%
Ajax XI 17/18 | Ajax XI 18/19 | Ajax XI 19/20Donny van de Beek
66%
PSV XI 05/06 | PSV XI 06/07 | PSV XI 07/08 | +2 othersTimmy Simons
66%
PSV XI 21/22André Ramalho
63%
PSV XI 19/20 | PSV XI 21/22Bruma
63%
Feyenoord XI 03/04 | Feyenoord XI 04/05 | Feyenoord XI 05/06 | +2 othersDirk Kuyt
63%
PSV XI 13/14 | PSV XI 14/15 | PSV XI 15/16Jeffrey Bruma
63%
PSV XI 20/21 | PSV XI 21/22Yvon Mvogo
63%
Ajax XI 15/16 | Ajax XI 16/17Jasper Cillessen
61%
PSV XI 21/22Noni Madueke
61%
Ajax XI 22/23Devyne Rensch
59%
PSV XI 17/18 | PSV XI 18/19Hirving Lozano
59%
PSV XI 13/14 | PSV XI 14/15 | PSV XI 15/16 | +4 othersJeroen Zoet
59%
PSV XI 22/23Joey Veerman
59%
Ajax XI 06/07 | Ajax XI 07/08 | Ajax XI 08/09Klaas-Jan Huntelaar
59%
Feyenoord XI 20/21 | Feyenoord XI 21/22Marcos Senesi
59%
Feyenoord XI 16/17 | Feyenoord XI 17/18 | Feyenoord XI 20/21Nicolai Jørgensen
59%
PSV XI 21/22 | PSV XI 22/23Armando Obispo
56%
Ajax XI 14/15 | Ajax XI 15/16 | Ajax XI 16/17 | Ajax XI 21/22Davy Klaassen
56%
Ajax XI 12/13 | Ajax XI 14/15 | Ajax XI 17/18Lasse Schöne
56%
Feyenoord XI 21/22 | Feyenoord XI 22/23Marcus Pedersen
56%
Feyenoord XI 22/23Sebastian Szymański
56%
PSV XI 22/23Johan Bakayoko
54%
Ajax XI 22/23Kenneth Taylor
54%
Feyenoord XI 19/20 | Feyenoord XI 21/22Luis Sinisterra
54%
PSV XI 20/21 | PSV XI 21/22Mauro Júnior
54%
Ajax XI 17/18Amin Younes
51%
PSV XI 15/16 | PSV XI 16/17Andrés Guardado
51%
Ajax XI 14/15 | Ajax XI 15/16Arkadiusz Milik
51%
Feyenoord XI 20/21 | Feyenoord XI 22/23Lutsharel Geertruida
51%
Ajax XI 20/21 | Ajax XI 21/22Ryan Gravenberch
51%
PSV XI 13/14 | PSV XI 15/16 | PSV XI 17/18Santiago Arias
51%
PSV XI 21/22Yorbe Vertessen
51%
Feyenoord XI 08/09 | Feyenoord XI 09/10 | Feyenoord XI 10/11 | +4 othersGeorginio Wijnaldum
49%
Ajax XI 08/09 | Ajax XI 09/10Jan Vertonghen
49%
Ajax XI 07/08 | Ajax XI 08/09 | Ajax XI 09/10Luis Suárez
49%
PSV XI 20/21Olivier Boscagli
49%
PSV XI 21/22Phillipp Mwene
49%
Ajax XI 09/10 | Ajax XI 10/11 | Ajax XI 11/12 | +2 othersToby Alderweireld
49%
Ajax XI 03/04 | Ajax XI 04/05Zlatan Ibrahimović
49%
Feyenoord XI 16/17 | Feyenoord XI 17/18 | Feyenoord XI 18/19 | Feyenoord XI 19/20Eric Botteghin
46%
Feyenoord XI 21/22 | Feyenoord XI 22/23Fredrik Aursnes
46%
PSV XI 17/18 | PSV XI 18/19 | PSV XI 19/20Gastón Pereiro
46%
Feyenoord XI 17/18 | Feyenoord XI 19/20 | Feyenoord XI 20/21Ridgeciano Haps
46%
Feyenoord XI 22/23Danilo
44%
Ajax XI 15/16 | Ajax XI 16/17 | Ajax XI 17/18 | Ajax XI 19/20Joël Veltman
44%
Ajax XI 17/18Justin Kluivert
44%
Feyenoord XI 09/10 | Feyenoord XI 10/11 | Feyenoord XI 11/12 | +3 othersKarim El Ahmadi
44%
PSV XI 13/14 | PSV XI 14/15Memphis Depay
44%
PSV XI 20/21Ryan Thomas
44%
PSV XI 17/18 | PSV XI 18/19Daniel Schwaab
41%
Feyenoord XI 21/22Guus Til
41%
Ajax XI 11/12 | Ajax XI 12/13 | Ajax XI 13/14 | +3 othersKenneth Vermeer
41%
Ajax XI 22/23Owen Wijndal
41%
Ajax XI 12/13 | Ajax XI 14/15Thulani Serero
41%
Feyenoord XI 21/22Tyrell Malacia
41%
Ajax XI 03/04 | Ajax XI 05/06 | Ajax XI 06/07Wesley Sneijder
41%
Ajax XI 10/11 | Ajax XI 11/12 | Ajax XI 13/14Christian Eriksen
39%
PSV XI 18/19 | PSV XI 19/20 | PSV XI 20/21Denzel Dumfries
39%
Feyenoord XI 22/23Javairo Dilrosun
39%
PSV XI 19/20Michal Sadílek
39%
PSV XI 15/16 | PSV XI 16/17 | PSV XI 17/18Nicolas Isimat-Mirin
39%
Feyenoord XI 16/17Brad Jones
37%
PSV XI 03/04 | PSV XI 04/05Ji Sung Park
37%
PSV XI 12/13 | PSV XI 15/16Luciano Narsingh
37%
Ajax XI 20/21Zakaria Labyad
37%
PSV XI 02/03Arjen Robben
34%
PSV XI 15/16 | PSV XI 16/17 | PSV XI 21/22Davy Pröpper
34%
PSV XI 19/20 | PSV XI 20/21Donyell Malen
34%
PSV XI 11/12 | PSV XI 12/13Dries Mertens
34%
Feyenoord XI 13/14Graziano Pellè
34%
PSV XI 16/17Héctor Moreno
34%
Feyenoord XI 15/16 | Feyenoord XI 16/17 | Feyenoord XI 17/18 | +2 othersJens Toornstra
34%
PSV XI 00/01 | PSV XI 01/02 | PSV XI 02/03 | +3 othersMark van Bommel
34%
Ajax XI 15/16 | Ajax XI 16/17Nemanja Gudelj
34%
Ajax XI 19/20 | Ajax XI 20/21 | Ajax XI 22/23Perr Schuurs
34%
Feyenoord XI 10/11 | Feyenoord XI 11/12 | Feyenoord XI 12/13 | Feyenoord XI 13/14Stefan de Vrij
34%
Ajax XI 13/14Viktor Fischer
34%
Ajax XI 15/16 | Ajax XI 16/17Anwar El Ghazi
32%
PSV XI 04/05 | PSV XI 05/06 | PSV XI 07/08Heurelho Gomes
32%
PSV XI 17/18Marco van Ginkel
32%
Ajax XI 13/14 | Ajax XI 14/15Niklas Moisander
32%
PSV XI 09/10 | PSV XI 10/11 | PSV XI 11/12Ola Toivonen
32%
Ajax XI 01/02 | Ajax XI 02/03 | Ajax XI 03/04 | Ajax XI 04/05Rafael van der Vaart
32%
Feyenoord XI 20/21Bart Nieuwkoop
29%
Feyenoord XI 00/01 | Feyenoord XI 01/02 | Feyenoord XI 02/03Bonaventure Kalou
29%
Feyenoord XI 20/21 | Feyenoord XI 21/22Bryan Linssen
29%
Feyenoord XI 16/17Eljero Elia
29%
Feyenoord XI 17/18 | Feyenoord XI 18/19 | Feyenoord XI 19/20Jan-Arie van der Heijden
29%
PSV XI 10/11 | PSV XI 11/12 | PSV XI 12/13Jeremain Lens
29%
PSV XI 13/14 | PSV XI 14/15 | PSV XI 16/17 | PSV XI 17/18Jürgen Locadia
29%
PSV XI 13/14Karim Rekik
29%
Feyenoord XI 08/09 | Feyenoord XI 09/10 | Feyenoord XI 10/11 | +3 othersLeroy Fer
29%
Ajax XI 18/19Maximilian Wöber
29%
PSV XI 18/19 | PSV XI 19/20 | PSV XI 20/21Pablo Rosario
29%
PSV XI 04/05 | PSV XI 05/06 | PSV XI 06/07Phillip Cocu
29%
Feyenoord XI 05/06Salomon Kalou
29%
Ajax XI 11/12Theo Janssen
29%
PSV XI 12/13Atiba Hutchinson
27%
Ajax XI 13/14Bojan Krkic
27%
Feyenoord XI 00/01 | Feyenoord XI 01/02Ferry de Haan
27%
Feyenoord XI 22/23Jacob Rasmussen
27%
PSV XI 14/15 | PSV XI 16/17 | PSV XI 17/18 | PSV XI 18/19Jorrit Hendrix
27%
Ajax XI 11/12 | Ajax XI 12/13 | Ajax XI 13/14Kolbeinn Sigthórsson
27%
Ajax XI 14/15 | Ajax XI 17/18 | PSV XI 18/19 | PSV XI 19/20Nick Viergever
27%
Feyenoord XI 22/23Patrik Wålemark
27%
PSV XI 12/13Przemsylaw Tyton
27%
Ajax XI 19/20Razvan Marin
27%
PSV XI 04/05 | PSV XI 05/06 | PSV XI 06/07Alex
24%
PSV XI 18/19Angeliño
24%
Feyenoord XI 15/16Colin Kâzım-Richards
24%
Ajax XI 00/01 | Ajax XI 01/02 | Ajax XI 02/03Cristian Chivu
24%
Ajax XI 09/10 | Ajax XI 10/11 | Ajax XI 11/12 | Ajax XI 12/13Gregory van der Wiel
24%
PSV XI 05/06 | PSV XI 06/07Jefferson Farfán
24%
Feyenoord XI 00/01 | Feyenoord XI 01/02Jerzy Dudek
24%
Feyenoord XI 14/15Joris Mathijsen
24%
PSV XI 07/08 | PSV XI 10/11Otman Bakkal
24%
Feyenoord XI 01/02 | Feyenoord XI 02/03 | Feyenoord XI 06/07Pierre van Hooijdonk
24%
Feyenoord XI 15/16 | Feyenoord XI 16/17Rick Karsdorp
24%
PSV XI 10/11 | PSV XI 11/12Stanislav Manolev
24%
PSV XI 13/14Stijn Schaars
24%
Ajax XI 07/08 | Ajax XI 08/09Thomas Vermaelen
24%
PSV XI 08/09 | PSV XI 09/10 | PSV XI 10/11 | PSV XI 11/12Andreas Isaksson
22%
Feyenoord XI 12/13 | Feyenoord XI 13/14Bruno Martins Indi
22%
Ajax XI 13/14Christian Poulsen
22%
Ajax XI 15/16 | Ajax XI 16/17Daley Sinkgraven
22%
Feyenoord XI 12/13 | Feyenoord XI 13/14Daryl Janmaat
22%
Ajax XI 09/10Eyong Enoh
22%
Feyenoord XI 14/15 | Feyenoord XI 17/18 | Feyenoord XI 18/19Jean-Paul Boëtius
22%
PSV XI 12/13 | PSV XI 13/14 | PSV XI 16/17Jetro Willems
22%
Ajax XI 15/16 | Ajax XI 16/17Kenny Tete
22%
PSV XI 11/12 | PSV XI 12/13Kevin Strootman
22%
PSV XI 00/01 | PSV XI 01/02 | PSV XI 02/03 | PSV XI 03/04Mateja Kezman
22%
Ajax XI 01/02 | Ajax XI 02/03 | Ajax XI 03/04 | Ajax XI 04/05Maxwell
22%
Ajax XI 10/11Mounir El Hamdaoui
22%
Ajax XI 11/12 | Ajax XI 14/15Nicolai Boilesen
22%
PSV XI 08/09 | PSV XI 09/10Nordin Amrabat
22%
Feyenoord XI 14/15 | Feyenoord XI 15/16 | Feyenoord XI 16/17Terence Kongolo
22%
Feyenoord XI 14/15 | Feyenoord XI 16/17 | Feyenoord XI 17/18 | Feyenoord XI 18/19Tonny Vilhena
22%
PSV XI 13/14 | PSV XI 14/15 | PSV XI 15/16Adam Maher
20%
Ajax XI 00/01 | Ajax XI 02/03Andy van der Meyde
20%
Feyenoord XI 14/15 | Feyenoord XI 15/16Bilal Başacıkoğlu
20%
Ajax XI 08/09Bruno Silva
20%
Feyenoord XI 07/08 | Feyenoord XI 08/09 | Feyenoord XI 09/10Giovanni van Bronckhorst
20%
PSV XI 05/06 | PSV XI 07/08 | PSV XI 08/09 | PSV XI 09/10Ibrahim Afellay
20%
Ajax XI 15/16 | Ajax XI 16/17Jairo Riedewald
20%
Ajax XI 04/05 | Ajax XI 06/07 | Ajax XI 07/08Johnny Heitinga
20%
Feyenoord XI 06/07 | Feyenoord XI 08/09Jonathan de Guzman
20%
Feyenoord XI 11/12 | Feyenoord XI 12/13 | Feyenoord XI 13/14 | +2 othersJordy Clasie
20%
PSV XI 15/16Maxime Lestienne
20%
Ajax XI 01/02 | Ajax XI 02/03Mido
20%
Feyenoord XI 07/08Nuri Sahin
20%
Ajax XI 12/13 | Ajax XI 13/14Ricardo van Rhijn
20%
Feyenoord XI 14/15 | Feyenoord XI 15/16Sven van Beek
20%
Ajax XI 11/12Derk Boerrigter
17%
Feyenoord XI 10/11 | Feyenoord XI 11/12 | Feyenoord XI 12/13 | +2 othersErwin Mulder
17%
Ajax XI 06/07 | Ajax XI 07/08Jaap Stam
17%
PSV XI 14/15 | PSV XI 15/16 | PSV XI 16/17 | PSV XI 17/18Joshua Brenet
17%
Ajax XI 15/16 | Ajax XI 16/17 | Ajax XI 17/18Mitchell Dijks
17%
PSV XI 14/15Oscar Hiljemark
17%
Ajax XI 20/21Quincy Promes
17%
Feyenoord XI 06/07 | Feyenoord XI 07/08 | Feyenoord XI 09/10 | +2 othersRon Vlaar
17%
PSV XI 20/21Sam Lammers
17%
Ajax XI 00/01 | Ajax XI 01/02Shota Arveladze
17%
Ajax XI 03/04 | Ajax XI 04/05 | Ajax XI 05/06Steven Pienaar
17%
Ajax XI 04/05Tom de Mul
17%
PSV XI 00/01 | PSV XI 02/03 | PSV XI 03/04 | +3 othersAndré Ooijer
15%
PSV XI 06/07 | PSV XI 07/08 | PSV XI 08/09 | PSV XI 09/10Carlos Salcido
15%
Ajax XI 09/10 | PSV XI 00/01 | PSV XI 01/02 | +2 othersDennis Rommedahl
15%
PSV XI 08/09 | PSV XI 10/11Erik Pieters
15%
PSV XI 10/11Francisco 'Maza' Rodríguez
15%
Ajax XI 12/13Jody Lukoki
15%
Feyenoord XI 00/01 | Feyenoord XI 01/02 | Feyenoord XI 09/10Jon Dahl Tomasson
15%
PSV XI 22/23Ki-Jana Hoever
15%
Feyenoord XI 12/13 | Feyenoord XI 13/14 | Feyenoord XI 14/15Lex Immers
15%
Feyenoord XI 20/21Mark Diemers
15%
Ajax XI 16/17Mateo Cassierra
15%
PSV XI 09/10 | PSV XI 10/11 | PSV XI 11/12Orlando Engelaar
15%
Ajax XI 15/16 | Ajax XI 16/17Riechedly Bazoer
15%
PSV XI 00/01 | PSV XI 01/02 | PSV XI 02/03 | PSV XI 03/04Ronald Waterreus
15%
Feyenoord XI 12/13 | Feyenoord XI 13/14Ruben Schaken
15%
Feyenoord XI 02/03Shinji Ono
15%
Ajax XI 00/01 | Ajax XI 02/03 | Ajax XI 05/06Tomas Galasek
15%
PSV XI 19/20Trent Sainsbury
15%
PSV XI 00/01 | PSV XI 01/02 | PSV XI 02/03 | +3 othersWilfred Bouma
15%
PSV XI 13/14Zakaria Bakkali
15%
Ajax XI 05/06Angelos Charisteas
12%
PSV XI 09/10 | PSV XI 10/11Balázs Dzsudzsák
12%
Ajax XI 09/10 | Ajax XI 10/11Demy de Zeeuw
12%
Ajax XI 01/02 | Ajax XI 02/03 | Ajax XI 05/06Hatem Trabelsi
12%
Feyenoord XI 06/07 | Feyenoord XI 07/08 | Feyenoord XI 08/09Henk Timmer
12%
Ajax XI 10/11 | PSV XI 07/08Ismail Aissati
12%
PSV XI 04/05 | PSV XI 05/06 | PSV XI 06/07Jan Vennegoor of Hesselink
12%
Feyenoord XI 18/19 | Feyenoord XI 19/20Jeremiah St. Juste
12%
Feyenoord XI 14/15Luke Wilkshire
12%
PSV XI 11/12 | PSV XI 12/13Marcelo
12%
Ajax XI 14/15Mike van der Hoorn
12%
Feyenoord XI 12/13 | Feyenoord XI 13/14 | Feyenoord XI 15/16Miquel Nelom
12%
Ajax XI 08/09 | Ajax XI 09/10 | Ajax XI 11/12Miralem Sulejmani
12%
Ajax XI 05/06 | Ajax XI 06/07 | Ajax XI 07/08 | +3 othersUrby Emanuelson
12%
PSV XI 03/04 | PSV XI 04/05 | PSV XI 05/06Young Pyo Lee
12%
PSV XI 11/12 | PSV XI 14/15Abel Tamata
10%
PSV XI 06/07 | PSV XI 07/08Arouna Koné
10%
Ajax XI 03/04Bogdan Lobont
10%
Feyenoord XI 03/04 | Feyenoord XI 04/05Chong Gug Song
10%
PSV XI 04/05DaMarcus Beasley
10%
Feyenoord XI 03/04Danko Lazović
10%
Feyenoord XI 10/11Diego Biseswar
10%
Feyenoord XI 19/20Dylan Vente
10%
PSV XI 06/07 | PSV XI 07/08Eric Addo
10%
Ajax XI 06/07 | Ajax XI 07/08Gabri
10%
PSV XI 09/10Jan Kromkamp
10%
PSV XI 00/01 | PSV XI 01/02 | PSV XI 02/03 | PSV XI 03/04Johann Vogel
10%
PSV XI 00/01 | PSV XI 01/02 | PSV XI 02/03Kevin Hofland
10%
Ajax XI 04/05Nourdin Boukhari
10%
Ajax XI 08/09 | Ajax XI 10/11Oleguer
10%
Feyenoord XI 07/08 | Feyenoord XI 09/10Roy Makaay
10%
Ajax XI 05/06 | Ajax XI 06/07Ryan Babel
10%
PSV XI 08/09Stijn Wuytens
10%
Feyenoord XI 06/07 | Feyenoord XI 07/08 | PSV XI 01/02 | PSV XI 05/06Theo Lucius
10%
Feyenoord XI 07/08 | Feyenoord XI 08/09 | Feyenoord XI 10/11Tim de Cler
10%
Ajax XI 10/11 | Ajax XI 12/13Vurnon Anita
10%
Feyenoord XI 05/06 | Feyenoord XI 06/07 | Feyenoord XI 07/08 | +3 othersAndré Bahia
7%
PSV XI 07/08 | PSV XI 08/09Edison Méndez
7%
Feyenoord XI 14/15Elvis Manu
7%
Feyenoord XI 10/11Fedor Smolov
7%
Ajax XI 00/01 | Ajax XI 01/02Fred Grim
7%
Ajax XI 05/06 | Ajax XI 06/07Hedwiges Maduro
7%
Feyenoord XI 00/01 | Feyenoord XI 01/02 | Feyenoord XI 02/03 | Feyenoord XI 03/04Kees van Wonderen
7%
Feyenoord XI 17/18Kevin Diks
7%
Feyenoord XI 15/16Marko Vejinović
7%
Feyenoord XI 05/06Patrick Lodewijks
7%
Ajax XI 08/09Rasmus Lindgren
7%
Ajax XI 14/15Ricardo Kishna
7%
Feyenoord XI 09/10 | Feyenoord XI 11/12 | Feyenoord XI 12/13Sekou Cissé
7%
Feyenoord XI 19/20Wouter Burger
7%
Ajax XI 03/04 | Ajax XI 05/06 | Ajax XI 06/07Zdenek Grygera
7%
PSV XI 07/08Alcides
5%
Feyenoord XI 02/03Anthony Lurling
5%
PSV XI 00/01 | PSV XI 01/02 | PSV XI 02/03Arnold Bruggink
5%
Feyenoord XI 04/05Bart Goor
5%
Feyenoord XI 01/02 | Feyenoord XI 02/03Brett Emerton
5%
Ajax XI 18/19Carel Eiting
5%
Feyenoord XI 00/01 | Feyenoord XI 02/03Christian Gyan
5%
Feyenoord XI 09/10Dani Fernández
5%
PSV XI 08/09Danny Koevermans
5%
Feyenoord XI 09/10Darley
5%
Feyenoord XI 08/09Denny Landzaat
5%
PSV XI 08/09 | PSV XI 09/10Dirk Marcellis
5%
Feyenoord XI 02/03 | Feyenoord XI 03/04Edwin Zoetebier
5%
Feyenoord XI 04/05Gábor Babos
5%
Feyenoord XI 11/12 | Feyenoord XI 12/13Guyon Fernandez
5%
PSV XI 00/01Jan Heintze
5%
PSV XI 06/07Jason Culina
5%
Feyenoord XI 11/12Jerson Cabral
5%
Feyenoord XI 13/14John Goossens
5%
Ajax XI 18/19Kaj Sierhuis
5%
PSV XI 02/03 | PSV XI 03/04Kasper Bøgelund
5%
Feyenoord XI 11/12Kelvin Leerdam
5%
Feyenoord XI 00/01 | Feyenoord XI 01/02Leonardo
5%
Feyenoord XI 07/08 | Feyenoord XI 08/09 | Feyenoord XI 10/11Luigi Bruins
5%
Ajax XI 05/06 | Ajax XI 06/07Mauro Rosales
5%
Feyenoord XI 04/05 | Feyenoord XI 06/07Pascal Bosschaart
5%
Feyenoord XI 00/01 | Feyenoord XI 01/02 | Feyenoord XI 02/03Paul Bosvelt
5%
Ajax XI 14/15Ruben Ligeon
5%
Feyenoord XI 12/13 | Feyenoord XI 13/14Ruud Vormer
5%
Feyenoord XI 03/04 | Feyenoord XI 04/05Thomas Buffel
5%
PSV XI 01/02Adil Ramzi
2%
Feyenoord XI 03/04 | Feyenoord XI 05/06Alfred Schreuder
2%
Ajax XI 00/01 | Ajax XI 01/02 | Ajax XI 02/03André Bergdølmo
2%
Feyenoord XI 07/08Andwelé Slory
2%
Ajax XI 00/01Aron Winter
2%
Feyenoord XI 06/07Benjamin De Ceulaer
2%
Feyenoord XI 18/19Calvin Verdonk
2%
Ajax XI 08/09Evander Sno
2%
Ajax XI 05/06Hans Vonk
2%
Feyenoord XI 04/05 | Feyenoord XI 05/06Hossam Ghaly
2%
Feyenoord XI 00/01Igor Korneev
2%
PSV XI 10/11Jagos Vukovic
2%
PSV XI 08/09Jeremie Brechet
2%
Ajax XI 02/03John O'Brien
2%
Feyenoord XI 06/07Joonas Kolkka
2%
Ajax XI 03/04 | Ajax XI 04/05Julien Escudé
2%
Ajax XI 07/08 | PSV XI 03/04Jürgen Colin
2%
Feyenoord XI 04/05 | Feyenoord XI 05/06Karim Saïdi
2%
PSV XI 06/07Michael Lamey
2%
Feyenoord XI 07/08Nicky Hofs
2%
PSV XI 06/07Oscar Moens
2%
Feyenoord XI 04/05Patrick Mtiliga
2%
Feyenoord XI 00/01 | Feyenoord XI 01/02 | Feyenoord XI 02/03 | +3 othersPatrick Paauwe
2%
Ajax XI 00/01 | Ajax XI 01/02Richard Knopper
2%
Ajax XI 00/01Richard Witschge
2%
Ajax XI 09/10Robbie Wielaert
2%
Feyenoord XI 04/05Romeo Castelen
2%
Feyenoord XI 05/06Sebastián Pardo
2%
Feyenoord XI 05/06 | Feyenoord XI 06/07 | Feyenoord XI 08/09Serginho Greene
2%
Feyenoord XI 06/07Stein Huysegems
2%
Ajax XI 03/04Tom Soetaers
2%
Ajax XI 03/04Wesley Sonck
2%
PSV XI 00/01 | PSV XI 01/02Yuriy Nikiforov
2%
Ajax XI 01/02 | Ajax XI 03/04Abubakari Yakubu
0%
Feyenoord XI 05/06Ali Boussaboun
0%
Ajax XI 04/05Anthony Obodai
0%
Ajax XI 01/02Cedric van der Gun
0%
Ajax XI 00/01Ferdi Vierklau
0%
PSV XI 11/12Funso Ojo
0%
Feyenoord XI 03/04Gérard de Nooijer
0%
Feyenoord XI 11/12Kaj Ramsteijn
0%
Ajax XI 07/08Kennedy Bakırcıoğlu
0%
Ajax XI 00/01Kevin Bobson
0%
Feyenoord XI 16/17Lucas Woudenberg
0%
Feyenoord XI 08/09Michael Mols
0%
PSV XI 07/08Mike Zonneveld
0%
Feyenoord XI 02/03Ramon van Haaren
0%
Ajax XI 07/08Robbert Schilder
0%
Feyenoord XI 00/01 | Feyenoord XI 01/02Tomasz Rzasa
0%
Ajax XI 02/03Victor Sikora
0%

Score Distribution

Percentile by Number Answered

Percent of People with Each Score

Your Score History

You have not taken this quiz since the last reset